Statistics for China top ten cities (population)

Click here to take the quiz!

General Stats

  • This quiz has been taken 79 times
  • The average score is 7 of 10

Answer Stats

PopulationCity% Correct
21,500,000Beijing
100%
35,965,403Shanghai
96%
44,294,245Guangzhou
90%
19,780,644Wuhan
79%
13,569,700Xi'an
76%
16,000,000Tianjin
73%
18,000,000Chengdu
69%
30,165,500Chongqing
59%
21,102,000Hangzhou
51%
13,000,000Jinan
13%

Score Distribution

Percentile by Number Answered

Percent of People with Each Score

Your Score History

You have not taken this quiz